000 00972nam a2200289Ia 4500
005 20260324114803.0
008 008 260324s9999 xx 000 0 eng d
020 _a9781003138914
037 _aEBOOK
040 _aCRL
040 _beng
040 _cCRL
041 _2eng
041 _aeng
084 _qCRL
100 _aRatih Hendayani; Indira Rachmawati; Hani Gita Ayuningtias; C. Cahyaningsih; Dania Syanetta Dennyra
_91152158
245 0 _aSynergizing Management, Technology and Innovation in Generating Sustainable and Competitive Business Growth
245 0 _bProceedings of the International Conference on Sustainable Collaboration in Business, Information and Innovation (SCBTII 2020), Bandung, Indonesia, July 10, 2020
260 _bTaylor and Francis
260 _c2021
365 _a
365 _b340
856 _uhttp://www.taylorfrancis.com/books/9781003138914
942 _cEBOOK
999 _c1742538
_d1742538